000 00470nam a22001697a 4500
005 20251108164402.0
008 250721s2000 xx 000 0 ara d
082 1 4 _a612/راو
100 1 _aالراوي، محمد
_eمعد
245 1 0 _aموسوعة جسم الإنسان /
264 1 _aعمان :
_bدار اسامة للنشر،
_c2000.
300 _a312ص.
650 1 7 _aجسم الإنسان
650 1 7 _aالتشريح
942 _2ddc
_cBK
999 _c10851
_d10851